| 000 | 00850nac a22002531u 4500 | ||
|---|---|---|---|
| 010 | _a 77378180 | ||
| 020 | _a0123418127 | ||
| 020 | _a0123418224 : | ||
| 082 | 0 | 0 |
_a620.144 _bGLA |
| 090 |
_c8538 _d8538 |
||
| 100 | _a20080729 | ||
| 245 | 0 | 0 |
_aGlass / _cedited by Minoru Tomozawa, Robert H. Doremus. |
| 260 |
_aNew York : _bAcademic Press,1982. _cc1982. |
||
| 300 |
_axi, 320 p. : _bill. ; _c24 cm. |
||
| 440 | 0 |
_aTreatise on materials science and technology ; _v 22; |
|
| 500 | _aVol. 1 also has special title: Interaction with electromagnetic radiation. | ||
| 500 | _aDistributer: Al-Ahram | ||
| 504 | _aIncludes bibliographies and indexe. | ||
| 511 | _aCatalogued by: Sara | ||
| 650 | 0 | _aGlass. | |
| 700 | 1 | _aTomozawa, Minoru. | |
| 700 | 1 | _aDoremus, R. H. | |
| 942 |
_cBB _k620.144GLA |
||
| 999 |
_c8538 _d8538 |
||